000 00806nam a2200265Ia 4500
003 OSt
005 20221006161017.0
006 a|||||r|||| 00| 0
007 ta
008 221006b |||||||| |||| 00| 0 eng d
020 _a9788978015394
024 _a47,110
037 _cTextual
040 _aEASL
_cEASL
_beng
041 _2eng
_aeng
082 _aQ4.495, Q7
100 _aYongun HAN Au.
_9675704
245 0 _aThe Temple of Words
_b An Anthology of Modern Korean Buddhist Poetry
260 _aKorea
_bDongguk University Press Korea
_c2017
300 _a262p.
_ccm.
490 _v KEL
_aCollected Works of Modern Korean Buddhism Series
700 _a McCann DAVID Tr.
_9675705
942 _hQ4.495, Q7
_cTEXL
_2CC
999 _c1115198
_d1115198